000 00856nam a2200241Ia 4500
003 OSt
005 20221005104722.0
006 a|||||r|||| 00| 0
007 ta
008 221004b |||||||| |||| 00| 0 hin d
024 _a30333
037 _cTextual
040 _aCRL
_cCRL
_bhin
041 _2hin
_ahin
082 _aV2.N5, 152M9
100 _aशुक्ल, रामलखन
245 0 _aआधुनिक भारत का इतिहास
246 _aĀdhunik bhārat kā itihāsa
260 _aदिल्ली
_bविश्वविद्यालय हिन्दी माध्यम कार्यान्वय निदेशालय भारत
_c1989
300 _a676पृ.
_ccm.
942 _hV2.N5, 152M9
_cTEXL
_2cc
999 _c1013582
_d1013582